000
00326 a2200157 4500
001
58376
020
_a
8521000200
040
_c
Anchieta - Pituba
100
_a
Sabino, Fernando
240
1
0
_a
Obra reunida
_l
por
245
1
0
_a
Obra reunida
300
_a
953
362
0
_a
1996
650
4
_a
Ficção brasileira
942
_c
BK
999
_c
58376
_d
58376